| 000 | 00444nam a2200181Ia 4500 | ||
|---|---|---|---|
| 008 | 240925s9999 xx 000 0 und d | ||
| 020 | _a9789332582095 | ||
| 082 | _a658.401 EVA | ||
| 100 | _aEvans, James | ||
| 245 | 0 | _aBusiness Analytics | |
| 250 | _a2nd | ||
| 260 |
_aNew Delhi: _bPearson Education _c,2017. |
||
| 300 |
_a380p. _bNA _fOriginal |
||
| 500 | _aIncludes Index | ||
| 600 | _aManagement | ||
| 650 | _aManagement | ||
| 942 | _cBK | ||
| 999 |
_c15396 _d15396 |
||